Livestock marketing : hearings before the Subcommittee on Agricultural Production, Marketing, and Stabilization of Prices of the Committee on Agriculture and Forestry, United States Senate, Ninety-fourth Congress, first session, on S. 1532 (Amendment no. 1060) ... November 17, 1975.

Bibliographic Details
Corporate Authors: United States. Congress. Senate. Committee on Agriculture and Forestry. Subcommittee on Agricultural Production, Marketing, and Stabilization of Prices, ProQuest (Firm)
Format: Government Document eBook
Language:English
Published: Washington : U.S. Govt. Print. Off, 1975.
Series:U.S. Congressional Hearings.
Subjects:
Online Access:Connect to the full text of this electronic book

MARC

Tag First Indicator Second Indicator Subfields
LEADER 00000cam a22000001a 4500
001 in00003207021
005 20190404174918.0
006 m d f
007 cr bn mmmapmmp
008 090922s1975 dcu o f000 0 eng d
035 |a cis2007441282 
040 |a UMI  |c UMI  |d UtOrBLW 
043 |a n-us--- 
086 0 |a Y 4.Ag 8/2:L 75/4/975-2 
099 |a HRG-1975-AFS-0009 
110 1 |a United States.  |b Congress.  |b Senate.  |b Committee on Agriculture and Forestry.  |b Subcommittee on Agricultural Production, Marketing, and Stabilization of Prices. 
245 1 0 |a Livestock marketing :  |b hearings before the Subcommittee on Agricultural Production, Marketing, and Stabilization of Prices of the Committee on Agriculture and Forestry, United States Senate, Ninety-fourth Congress, first session, on S. 1532 (Amendment no. 1060) ... November 17, 1975. 
264 1 |a Washington :  |b U.S. Govt. Print. Off,  |c 1975. 
300 |a 1 online resource. 
336 |a text  |b txt  |2 rdacontent 
337 |a computer  |b c  |2 rdamedia 
338 |a online resource  |b cr  |2 rdacarrier 
538 |a System requirements: PDF reader software. 
500 |a Electronic resource. 
650 0 |a Livestock  |x Marketing  |x Law and legislation  |z United States. 
655 7 |a Electronic books.  |2 local 
710 2 |a ProQuest (Firm) 
776 0 8 |i Print version:  |a United States. Congress. Senate. Committee on Agriculture and Forestry. Subcommittee on Agricultural Production, Marketing, and Stabilization of Prices.  |t Livestock marketing  |w (DLC)76600797 //r85 
776 0 8 |i Microfiche version:  |a United States. Congress. Senate. Committee on Agriculture and Forestry. Subcommittee on Agricultural Production, Marketing, and Stabilization of Prices.  |t Livestock marketing.  |d [Bethesda, Md.] : ProQuest,[2004]  |o CIS 76 S161-18  |w (ProQuest)cis07602208 
830 0 |a U.S. Congressional Hearings. 
856 4 0 |u http://proxy.library.tamu.edu/login?url=http://congressional.proquest.com/congcomp/getdoc?HEARING-ID=HRG-1975-AFS-0009  |z Connect to the full text of this electronic book  |t 0 
998 |a cis07602208 
999 |a MARS 
999 f f |s 5589b82e-6ec5-3444-867b-1302f17484a2  |i f0a1d9e5-9011-34cd-8334-fd21ce4b7f7f  |t 0 
952 f f |a Texas A&M University  |b College Station  |c Electronic Resources  |d Available Online  |t 0  |e HRG-1975-AFS-0009  |h Other scheme 
998 f f |a HRG-1975-AFS-0009  |t 0  |l Available Online